Memorandum on location of fifth integrated steel plant; (Record no. 76073)
[ view plain ]
| 000 -LEADER | |
|---|---|
| fixed length control field | 00856cam a22002411 4500 |
| 001 - CONTROL NUMBER | |
| control field | sa 67006613 |
| 003 - CONTROL NUMBER IDENTIFIER | |
| control field | DLC |
| 005 - DATE AND TIME OF LATEST TRANSACTION | |
| control field | 20260227112409.0 |
| 008 - FIXED-LENGTH DATA ELEMENTS--GENERAL INFORMATION | |
| fixed length control field | 861119s1965 ii b 000 0 eng |
| 010 ## - LIBRARY OF CONGRESS CONTROL NUMBER | |
| LC control number | sa 67006613 |
| 025 ## - OVERSEAS ACQUISITION NUMBER | |
| Overseas acquisition number | PL480:I-E-8250 |
| 035 ## - SYSTEM CONTROL NUMBER | |
| System control number | (OCoLC)14766625 |
| 040 ## - CATALOGING SOURCE | |
| Original cataloging agency | DLC |
| Transcribing agency | WaU |
| Modifying agency | WaU |
| -- | DLC |
| 042 ## - AUTHENTICATION CODE | |
| Authentication code | premarc |
| 050 00 - LIBRARY OF CONGRESS CALL NUMBER | |
| Classification number | HD9526.I62 |
| Item number | M9 |
| 110 1# - MAIN ENTRY--CORPORATE NAME | |
| Corporate name or jurisdiction name as entry element | Mysore (India : State). |
| Subordinate unit | Department of Industries and Commerce. |
| 245 10 - TITLE STATEMENT | |
| Title | Memorandum on location of fifth integrated steel plant; |
| Remainder of title | merits of Hospet, Mysore State, February 1965. |
| 260 ## - PUBLICATION, DISTRIBUTION, ETC. | |
| Place of publication, distribution, etc. | Bangalore, |
| Name of publisher, distributor, etc. | Printed by the Director of Print., Stationery and Publications at the Govt. Press, |
| Date of publication, distribution, etc. | 1965. |
| 300 ## - PHYSICAL DESCRIPTION | |
| Extent | ii, 45 p. |
| Other physical details | fold. maps. |
| Dimensions | 28 cm. |
| 500 ## - GENERAL NOTE | |
| General note | Cover title. |
| 650 #0 - SUBJECT ADDED ENTRY--TOPICAL TERM | |
| Topical term or geographic name entry element | Steel industry and trade |
| Geographic subdivision | India. |
| 651 #0 - SUBJECT ADDED ENTRY--GEOGRAPHIC NAME | |
| Geographic name | Hospet (India) |
| General subdivision | Economic conditions. |
No items available.